World Christian Handbook (Record no. 890)

MARC details
000 -LEADER
fixed length control field 00548nam a2200229 a 4500
020 ## - INTERNATIONAL STANDARD BOOK NUMBER
ISBN
082 00 - DEWEY DECIMAL CLASSIFICATION NUMBER
Classification number 659.132
Author Cutter COX
100 ## - MAIN ENTRY--AUTHOR NAME
Author name Coxill, H Wakelin
245 ## - TITLE STATEMENT
Title World Christian Handbook
260 ## - PUBLICATION, DISTRIBUTION, ETC. (IMPRINT)
Place of publication London
Name of publisher Lutterworth Press
Year of publication 1968
300 ## - PHYSICAL DESCRIPTION
Number of Pages 378p
500 ## - GENERAL NOTE
General note includes index and biblioraphy
505 2# - FORMATTED CONTENTS NOTE
Formatted contents note Index
650 ## - SUBJECT ADDED ENTRY--TOPICAL TERM
Topical Term Directory-Christianity
942 ## - ADDED ENTRY ELEMENTS (KOHA)
Koha item type Books
Holdings
Collection code Home library Current library Date acquired Cost, normal purchase price Full call number Accession Number Koha item type
  Henry Martyn Institute Library Henry Martyn Institute Library 05/07/2008 100.00 659.132 COX 03492 Books
                   Copyright © 2026 | Henry Martyn Institute | Hyderabad | TS-500052 | INDIA | Implemented by hmi.edu.in
Hit-Count:

Powered by Koha